Le naufrage de la Pérouse (Record no. 99036)

MARC details
000 -LEADER
campo de control de longitud fija 00570nam a22001815i 4500
001 - NÚMERO DE CONTROL
campo de control 99036
003 - IDENTIFICADOR DE NÚMERO DE CONTROL
campo de control ES-MaACL
005 - FECHA Y HORA DE LA ÚLTIMA TRANSACCIÓN
campo de control 20230906182427.0
007 - CAMPO FIJO DE DESCRIPCIÓN FÍSICA--INFORMACIÓN GENERAL
campo de control de longitud fija t|
008 - DATOS DE LONGITUD FIJA--INFORMACIÓN GENERAL
campo de control de longitud fija 950920s1859 fr ||||1| fre d
100 1# - ENTRADA PRINCIPAL--NOMBRE DE PERSONA
Nombre de persona Ennery, Adolphe d'.
9 (RLIN) 47251
245 13 - MENCIÓN DEL TÍTULO
Título Le naufrage de la Pérouse
Resto del título : drame en cinq actes et neuf tableaux /
Mención de responsabilidad, etc. par D'Ennery, De Jallais et Thièry.
260 ## - PUBLICACIÓN, DISTRIBUCIÓN, ETC.
Lugar de publicación, distribución, etc. Paris :
Nombre del editor, distribuidor, etc. Michel Lèvy Frères,
Fecha de publicación, distribución, etc. 1859.
300 ## - DESCRIPCIÓN FÍSICA
Extensión 103 p. ;
Dimensiones 19 cm.
700 1# - ENTRADA AGREGADA--NOMBRE PERSONAL
Nombre de persona Jallais, Amédée de.
9 (RLIN) 65948
700 1# - ENTRADA AGREGADA--NOMBRE PERSONAL
Nombre de persona Thiéry, Henri.
9 (RLIN) 109960
852 4# - LOCALIZACIÓN
Ubicación ES-MaACL
Número de control de estantería T-727-F-4
Holdings
Estatus retirado Estado de pérdida Estado de daño No para préstamo Colección Biblioteca de origen Biblioteca actual Ubicación en estantería Fecha de adquisición Fuente de adquisición Total de préstamos Signatura topográfica completa Código de barras Visto por última vez Precio de reemplazo Tipo de ítem Koha
        Colección de folletos Biblioteca del Ateneo de Madrid Biblioteca del Ateneo de Madrid Depósito folletos 17/01/2008     T-727-F-4 1103397 23/02/2023 23/02/2023 Folleto